[Event "Fall Chess Classic-A 2018"]
[Site "Saint Louis"]
[Date "2018.10.12"]
[Round "3"]
[White "Swiercz, Dariusz"]
[Black "Hammer, Jon Ludvig"]
[Result "0-1"]
[WhiteElo "2656"]
[BlackElo "2662"]
[Annotator "TA"]
[PlyCount "56"]
[EventDate "2018.10.10"]
[EventType "tourn"]
[EventCountry "USA"]
[SourceTitle "playchess.com"]
[Source "ChessBase"]
[SourceQuality "1"]

{[%evp 18,56,24,38,66,0,0,0,0,0,0,0,0,-76,-93,-135,-93,-148,-139,-124,-131,-487,-490,-535,-545,-526,-477,-655,-665,-626,-523,-1170,-1058,-1734,-1735,-29984,-3789,-29991,-29992,-29993,-29994]} 1. e4 e5 2. Nf3 Nc6 3. Bb5 a6 4. Ba4 Nf6 5. O-O Bc5 6. c3 b5 7. Bc2 d5 {C78: Spanische Partie (Archangelsk- und Möller-Variante)} 8. d4 dxe4 9. Nxe5 Nxe5 10. dxc5 {LiveBook: 5 Partien} Qe7 $146 ({Vorgänger:} 10... Nd3 11. Bg5 O-O 12. Nd2 Bb7 13. Qe2 Qd5 14. Bxf6 gxf6 15. Qe3 {½-½ (49) So,W (2773)-Onischuk,A (2664) Saint Louis 2016}) 11. Bxe4 ({Lieber} 11. Bg5 $14) 11... Nxe4 $11 12. Qd5 Nxc5 13. Qxa8 O-O 14. Be3 Ncd3 15. Nd2 (15. Bd4 $1 $11) 15... c5 $1 $17 {[%mdl 1024] Droht stark ...Lb7. Schwarz hat starke Kompensation.} 16. b4 {und nun wäre Lxc5 stark für Weiss.} Qd7 $1 $36 {[%mdl 2048] Und ...Lb7 würde nun gewinnen. Weiss steht unter starkem Druck.} 17. Qe4 {[#]} (17. Bxc5 $142 Nxc5 18. bxc5 Qxd2 19. Qe4) 17... f5 $1 {[%cal Rf5e4,Bf7f5,Bf5f4][%mdl 32]} ({Schlechter ist} 17... Bb7 18. Qh4 $11) 18. Qh4 f4 {Und weiter mit ...Dd5 wäre nett.} 19. Ne4 $2 {[%mdl 8192]} (19. Bxc5 $17 {nur so!} Nxc5 20. bxc5 Qxd2 21. Qe7 Qxc3 22. Qd6) 19... Qd5 $19 ({Schwächer ist} 19... fxe3 20. fxe3 Rxf1+ 21. Rxf1 $17) 20. Bxc5 {[#]} Ng6 $1 {[%cal Rg6h4]} 21. Qg5 Rf5 22. Qg4 {zielt auf Sd6 ab.} Qxe4 23. Bd4 Rf8 24. Qh5 f3 25. g3 Rf5 26. Qh3 {[#]} Ndf4 $1 {[%mdl 512]} 27. gxf4 Nxf4 28. Qg3 Ne2+ {Precision: Weiß = 23%, Schwarz = 92%.} 0-1

[Event "Fall Chess Classic-A 2018"]
[Site "Saint Louis"]
[Date "2018.10.12"]
[Round "3"]
[White "Kuzubov, Yuriy"]
[Black "Sethuraman, S.P."]
[Result "1/2-1/2"]
[WhiteElo "2655"]
[BlackElo "2673"]
[Annotator "TA"]
[PlyCount "60"]
[EventDate "2018.10.10"]
[EventType "tourn"]
[EventCountry "USA"]
[SourceTitle "playchess.com"]
[Source "ChessBase"]
[SourceQuality "1"]

{[%evp 26,60,20,9,28,29,43,43,55,8,13,0,12,0,9,31,40,31,41,31,28,45,29,20,29,0,0,0,0,0,0,0,0,0,0,0,0]} 1. d4 {Tsesarsky,I} Nf6 2. c4 e6 3. Nc3 d5 4. cxd5 Nxd5 5. e4 Nxc3 6. bxc3 c5 7. Nf3 cxd4 8. cxd4 Bb4+ 9. Bd2 Bxd2+ 10. Qxd2 O-O 11. Bc4 Nd7 12. O-O {D41: Queen's Gambit Declined: Semi-Tarrasch with 5 cxd5} b6 13. a4 (13. Rad1 Bb7 14. Rfe1 Rc8 15. Bb3 Re8 16. h3 Nf6 17. Qf4 Nh5 18. Qh2 h6 19. d5 exd5 20. e5 g6 21. Nd4 Ng7 22. Nb5 {½-½ (54) Mamedyarov,S (2820)-Ding,L (2804) Batumi 2018}) 13... Bb7 14. Rfe1 {LiveBook: 116 Games} Qc7 {[#]} 15. Bd3 $146 ({Predecessor:} 15. Rac1 Qd8 16. h3 Rc8 17. Qf4 Qf6 18. Qg3 Qh6 19. Ng5 Nf6 20. Qe5 Nd7 21. Qg3 Qg6 22. Nxe6 fxe6 23. Qxg6 hxg6 24. Bxe6+ {1-0 (41) Sturua,Z (2580)-Del Rio de Angelis,S (2472) Linares 2001 CBM 081 [Tsesarsky,I]}) 15... e5 16. Rac1 Qd6 17. Bb5 {Black should prevent Bxd7.} exd4 18. e5 Qg6 19. Nh4 Qg4 {[#] White must now prevent ...Nc5.} 20. Rc4 Nxe5 21. Rxd4 Qh5 22. Be2 Qh6 23. Qxh6 gxh6 24. Bb5 Ng6 25. Nxg6 hxg6 {The position is equal.} 26. Re7 a6 27. Bc4 b5 28. Rxb7 {[#] aiming for Bd5.} bxc4 29. Rc7 $1 Rac8 30. Rcxc4 Rxc4 {Precision: White = 69%, Black = 61%.} 1/2-1/2

[Event "Fall Chess Classic-A 2018"]
[Site "Saint Louis"]
[Date "2018.10.12"]
[Round "3"]
[White "Akobian, Varuzhan"]
[Black "Bruzon Batista, Lazaro"]
[Result "1-0"]
[WhiteElo "2641"]
[BlackElo "2653"]
[Annotator "TA"]
[PlyCount "101"]
[EventDate "2018.10.10"]
[EventType "tourn"]
[EventCountry "USA"]
[SourceTitle "playchess.com"]
[Source "ChessBase"]
[SourceQuality "1"]

{[%evp 14,101,0,0,16,20,10,13,31,31,30,30,49,47,56,45,71,77,92,72,81,54,55,66,41,47,71,43,235,235,235,236,235,229,224,227,230,239,230,228,230,230,247,206,184,215,423,422,398,395,418,260,210,115,116,118,131,124,150,103,521,136,322,322,241,0,135,129,211,201,209,204,181,181,237,238,233,231,232,231,223,197,226,216,239,243,29991,29992,29992,29993]} 1. d4 Nf6 2. c4 e6 3. Nc3 Bb4 4. g3 O-O 5. Bg2 d5 6. a3 {E20: Nimzo-Indian: 4 g3 and 4 f3} (6. Nf3 dxc4 7. O-O Nc6 8. Qa4 Nd5 9. Qc2 Be7 10. Rd1 Bd7 11. e4 Ncb4 12. Qd2 Nb6 13. Ne5 Nc6 14. Nxc6 Bxc6 15. Qc2 f5 {1-0 (62) Caruana,F (2822)-So,W (2780) Saint Louis 2018}) 6... Be7 7. cxd5 exd5 8. Nh3 {LiveBook: 8 Games. The position is equal.} a5 9. Nf4 {[%cal Rf4d5]} c6 10. O-O Na6 $146 ({Predecessor:} 10... Re8 11. b3 Na6 12. f3 c5 13. Be3 b6 14. dxc5 Bxc5 15. Bxc5 Nxc5 16. Ncxd5 Nxd5 17. Qxd5 {½-½ (33) Ivanisevic,I (2638)-Brkic,A (2586) Jerusalem 2015}) 11. f3 {[%cal Bf2f3,Bf3e4,Be4e5][%mdl 32]} Nc7 12. e4 dxe4 13. fxe4 c5 14. e5 Nd7 15. Be3 cxd4 16. Bxd4 Nc5 17. Ncd5 Nxd5 18. Nxd5 Be6 19. Be3 $36 {[%mdl 2048] White is pushing.} Rc8 20. Rc1 Bg5 $2 (20... Bxd5 $14 21. Bxd5 Rc7) 21. Bxc5 $18 Bxd5 22. Bxd5 (22. Qxd5 Qxd5 23. Bxd5 Rxc5 $16) 22... Rxc5 23. Rxc5 Be3+ 24. Kg2 (24. Rf2 Bxc5 25. Bxf7+ Kh8 $11) 24... Bxc5 {[#]} 25. Bxf7+ $1 {[%mdl 512]} Kh8 {Hoping for ...Qxd1.} (25... Rxf7 26. Qxd8+) 26. Qxd8 Rxd8 {[%mdl 4096] Endgame KRB-KRB} 27. Rc1 Rd2+ 28. Kh3 Bf8 29. Rc8 {[%cal Rc8f8]} g5 $2 (29... g6 30. Bc4 (30. Rxf8+ Kg7 $18) 30... Kg7 31. Rc7+ Kh6 32. Rxb7 a4) 30. Bh5 (30. Rxf8+ Kg7 $16) 30... Kg7 31. Rc7+ Kh6 32. Bg4 Kg6 {...h5 would now be nice for Black.} 33. Rxb7 (33. Bf3 $1 $18 {[%cal Rf3e4] Be4+ would kill now.} Rd4 34. Bxb7) 33... Bc5 $16 34. Rc7 $1 {[%cal Rc7c6]} Bg1 {[%csl Gg1][%cal Rd2h2]} 35. Rc6+ Kg7 {[%csl Gg1][%cal Rd2h2]} 36. Bh5 {Rc7+ is the strong threat.} Rxb2 $2 {[%mdl 8192]} (36... Rxh2+ $16 {is more resistant.} 37. Kg4 Bd4) 37. Kg4 $2 (37. Rc7+ $18 {and the rest is easy.} Kf8 38. e6 Rxh2+ 39. Kg4 Rxh5 40. Kxh5) 37... Bd4 $2 (37... Rb7 $16 {was called for.} 38. Kxg5 Bxh2) 38. Rc7+ $18 ({Not} 38. Kxg5 Bxe5 39. Rc5 Bb8 $14) 38... Kh6 39. Rc6+ (39. e6 $18 Re2 40. e7 Re4+ 41. Kf5 Re5+ 42. Kf6 Kxh5 43. g4+ $1 {[%mdl 512]} Kh4 44. Kf7) 39... Kg7 $16 {[#]} 40. Kf5 $1 ({But not} 40. Kxg5 $6 Bxe5 41. Rc5 Bb8 $14) 40... Rf2+ (40... Rb5 $16) 41. Ke4 $18 ({Don't take} 41. Kxg5 $6 Bxe5 42. Rc5 Bd6 $14) 41... Bb2 42. Rc7+ Kf8 43. a4 Rxh2 (43... g4 {is a better defense.} 44. Bxg4 Rxh2 45. Rc8+ Ke7) 44. Rxh7 Rf2 45. Rh8+ Kg7 46. Rb8 Ba3 47. Rb6 Rb2 48. Ra6 Rb4+ 49. Kf5 Rxa4 $2 {[#]} (49... Rb7 $18 50. Rxa5 Bb4) 50. Ra7+ $1 Kg8 51. Kf6 {Precision: White = 66%, Black = 34%.} 1-0

[Event "Fall Chess Classic-A 2018"]
[Site "Saint Louis"]
[Date "2018.10.12"]
[Round "3"]
[White "Lenderman, Aleksandr"]
[Black "Robson, Ray"]
[Result "1/2-1/2"]
[WhiteElo "2626"]
[BlackElo "2682"]
[Annotator "TA"]
[PlyCount "130"]
[EventDate "2018.10.10"]
[EventType "tourn"]
[EventCountry "USA"]
[SourceTitle "playchess.com"]
[Source "ChessBase"]
[SourceQuality "1"]

{[%evp 14,130,27,20,45,44,72,75,84,73,70,63,67,64,75,48,64,36,66,18,43,38,64,64,65,67,69,33,58,60,70,21,33,20,22,15,8,8,28,29,35,27,26,18,71,60,60,58,48,49,61,39,39,14,18,18,15,19,113,102,99,101,93,94,83,86,156,148,158,79,72,73,66,65,64,71,66,66,145,66,68,70,70,77,96,33,80,83,106,8,131,8,27,5,5,0,8,8,8,8,15,0,0,0,0,0,0,0,0,0,0,0,0,0,0,0,0,0,0]} 1. d4 {Ftacnik,L} d5 2. c4 c6 3. Nf3 Nf6 4. e3 Bf5 5. Nc3 e6 6. Nh4 Bg6 7. Nxg6 hxg6 8. Rb1 {LiveBook: 22 Games. D12: Slav Defence: 3 Nf3 Nf6 4 e3 Bf5} c5 $146 ({Predecessor:} 8... Nbd7 9. c5 a5 10. a3 Be7 11. g3 e5 12. Bg2 e4 13. b4 axb4 14. axb4 Nf8 15. b5 Ne6 {1-0 (39) Nakamura,H (2790)-Topalov,V (2780) Moscow 2016 CBM 172 [Ftacnik,L]}) 9. cxd5 exd5 10. g3 {White is better.} Nc6 11. Bg2 Qd7 12. O-O Rd8 13. dxc5 Bxc5 14. b3 Qf5 15. Bb2 O-O {next ...d4 is good for Black.} 16. Ne2 g5 17. Rc1 Ne4 18. Qc2 Bb6 19. Nc3 {[%cal Rc3e4]} Rfe8 20. Rcd1 Nb4 21. Qb1 Qe6 22. Na4 g4 23. Nxb6 axb6 24. a3 Nc6 25. Qd3 Qf5 26. b4 Rd6 27. f3 gxf3 28. Rxf3 $40 {[%mdl 128] White mounts an attack.} Qe6 (28... Qh5 $11 {keeps the balance.}) 29. Rf4 $16 Red8 30. Rdf1 f6 31. Rh4 (31. Qe2 {keeps more tension.} Ng5 32. b5 Ne5 33. a4 Ng6 34. R4f2) 31... Ne5 32. Bxe5 (32. Qd1 {seems wilder.} Ng5 33. Bd4 Ng6 34. Rg4 Ne5 35. Rgf4) 32... Qxe5 33. Bxe4 (33. a4 {with more complications.} Re8 34. Rd1 Ree6 35. b5 f5 36. Rf1) 33... dxe4 34. Qxe4 Qxe4 35. Rxe4 $14 {[%mdl 4096] Endgame KRR-KRR} b5 (35... Ra8 $11) 36. Re7 Rd3 37. Rc1 {Threatens to win with Rcc7.} Rxa3 38. Kg2 ({Of course not} 38. Rxb7 $6 Rd2 $11) 38... Ra2+ 39. Kf3 Kh7 ({Black should play} 39... Rxh2 40. Rcc7 (40. Rxb7 Rb2 $16) 40... b6) 40. Rcc7 Rg8 41. Rxb7 (41. h4 $142) 41... Rxh2 $16 42. Rxb5 Kh6 43. Rbb7 Rb2 44. e4 Rc2 45. b5 {Strongly threatening Kf4.} Rc5 (45... Rb2 $14 46. Kf4 Kg6) 46. b6 (46. Kf4 $16) 46... Rb5 $1 $14 47. Kf4 Kg6 48. Red7 Kh6 49. Rf7 (49. Ke3 $16) 49... Kg6 50. Rfe7 Kh6 51. Re6 (51. Kf3 $16) 51... Ra8 {[#]} (51... Rd8 $11) 52. Rf7 (52. Rd7 $1 $16) 52... Ra3 $11 53. b7 {Hoping for Ree7.} Rbb3 $1 {[%cal Rb3f3] ( -> ...Rf3+). The position is equal.} 54. Ree7 Rf3+ 55. Kg4 Rxg3+ 56. Kf5 Rab3 57. Rf8 {[%cal Rf8h8] [#]} Rgf3+ 58. Ke6 Rb6+ 59. Kf7 Rfb3 60. Rh8+ Kg5 61. Rg8 (61. Rb8 {looks sharper.} g6 62. Rg8 Rxb7 63. Rxg6+ Kh5 64. Rxf6 Rxe7+ 65. Kxe7 Re3 66. Re6) 61... Rxb7 62. Rxg7+ Kf4 63. Rxb7 Rxb7+ 64. Kxf6 Rxg7 65. Kxg7 Kxe4 {Precision: White = 56%, Black = 50%.} 1/2-1/2

[Event "Fall Chess Classic-A 2018"]
[Site "Saint Louis"]
[Date "2018.10.13"]
[Round "4"]
[White "Sethuraman, S.P."]
[Black "Lenderman, Aleksandr"]
[Result "0-1"]
[WhiteElo "2673"]
[BlackElo "2626"]
[Annotator "TA"]
[PlyCount "136"]
[EventDate "2018.10.10"]
[EventType "tourn"]
[EventCountry "USA"]
[SourceTitle "playchess.com"]
[Source "ChessBase"]
[SourceQuality "1"]

{[%evp 16,136,0,13,23,26,33,35,39,14,25,10,10,7,14,16,26,24,59,-11,7,14,34,-9,10,0,14,0,0,0,36,3,83,0,0,0,0,0,0,0,0,0,20,8,26,27,28,34,30,37,27,-51,-50,-54,-54,-53,-45,-49,0,-42,-8,-9,-10,-10,-16,-20,0,0,0,0,0,-18,0,0,0,-6,0,-33,-22,-49,-6,-9,-9,-40,0,-102,-112,-97,-103,-124,-124,-129,-81,-152,-133,-178,-154,-156,-157,-152,-142,-252,-255,-268,-268,-258,-265,-370,-395,-445,-445,-626,-618,-553,-533,-710,-725,-710,-710,-655,-647,-620,-613]} 1. c4 e5 2. Nc3 Nc6 3. Nf3 Nf6 4. d3 g6 5. g3 Bg7 6. Bg2 O-O 7. O-O d6 8. b3 Re8 9. Bb2 Bd7 {A15: English Opening: 1...Nf6} (9... h6 10. Rc1 Be6 11. d4 e4 12. d5 exf3 13. exf3 Bf5 14. dxc6 bxc6 15. c5 d5 16. Ne2 h5 17. h4 {1-0 (68) Grischuk,A (2779)-Mamedov,R (2637) Khanty-Mansiysk 2013}) 10. e3 $146 ({Predecessor:} 10. h3 Qe7 11. e3 a5 12. a3 Qd8 13. Kh2 e4 14. Ne1 exd3 15. Nxd3 Bf5 16. Nf4 h5 17. Qd2 {1-0 (39) Kan,I-Dus Chotimirsky,F Moscow (Russia) 1939}) 10... Ng4 11. h3 Nh6 {White is slightly better.} 12. Nd2 f5 13. Nd5 Nf7 14. Qc2 Be6 15. f4 Rb8 16. Rae1 Ne7 17. Nc3 (17. e4 $14) 17... Qd7 18. Nf3 c6 19. Rd1 Qc7 20. Qf2 Rbd8 21. fxe5 dxe5 22. e4 Qa5 23. exf5 Nxf5 {[#]} (23... gxf5 $11 24. Na4 Ng6) 24. Ne4 (24. g4 $1 $16) 24... Qxa2 $11 25. g4 N5d6 $1 {[%cal Rd6e4] ...Nxe4 is the strong threat.} 26. Qc2 $1 {Hoping for Ra1.} Qa5 27. Nfd2 {[%cal Bf3d2,Bd2e4,Be4f6][%mdl 32]} Nxe4 28. Nxe4 Kh8 29. Kh1 Qc7 30. Qf2 b6 31. Nf6 Rf8 $1 32. Qh4 {[%csl Gf6][%cal Rh4h7] [#]} h6 33. Bc1 ({White should try} 33. Be4 $11) 33... Qe7 $1 $15 34. g5 $1 {[%cal Rg5h6]} Rd4 $36 {[%mdl 2048] Black is pushing.} 35. Ne4 Bf5 36. Be3 $1 Rdd8 37. Qg3 Rd7 38. gxh6 Bxh6 39. Bxh6 Nxh6 40. Ng5 Qf6 41. Kh2 Kg7 42. Be4 Rh8 {Strongly threatening ...Ng4+.} 43. Kg2 Qe7 44. Rde1 ({But not} 44. Bxc6 Rxd3 45. Rxd3 Bxd3 $17) 44... Rf8 45. Kh2 Rd6 46. Bxf5 Rxf5 47. Rg1 {[%cal Bf1g1,Bg1g2,Bg2a2][%mdl 32]} Nf7 48. Ne4 Re6 49. Rg2 (49. c5 $5) 49... Rh5 50. Qf3 (50. Reg1 $11 Rh6 51. c5) 50... Ng5 $17 51. Nxg5 Rxg5 52. Ra2 Rf5 53. Qe3 Qc7 54. Kh1 (54. b4 $142) 54... c5 55. Qe4 Ref6 56. Kh2 a5 57. Rg2 Qc6 58. Qh4 (58. Qxc6 $17 {was called for.} Rxc6 59. Re3) 58... Qf3 $19 59. Qe4 Qxe4 60. Rxe4 {[%mdl 4096] Endgame KRR-KRR} Rf3 61. Rxe5 Rxd3 62. Re7+ Kh6 {Black is clearly winning.} 63. Rg4 (63. Re8 $142) 63... Rf2+ 64. Kg1 Rb2 65. Rh4+ Kg5 66. Rg4+ Kf6 {( -> ...Rd1+)} 67. Re1 Rxh3 68. Rf1+ Kg7 {Precision: White = 54%, Black = 45%.} 0-1

[Event "Fall Chess Classic-A 2018"]
[Site "Saint Louis"]
[Date "2018.10.13"]
[Round "4"]
[White "Hammer, Jon Ludvig"]
[Black "Akobian, Varuzhan"]
[Result "1/2-1/2"]
[WhiteElo "2662"]
[BlackElo "2641"]
[Annotator "TA"]
[PlyCount "78"]
[EventDate "2018.10.10"]
[EventType "tourn"]
[EventCountry "USA"]
[SourceTitle "playchess.com"]
[Source "ChessBase"]
[SourceQuality "1"]

{[%evp 18,78,30,14,14,10,27,13,24,20,29,11,14,8,31,20,46,15,13,12,14,0,0,0,0,0,0,0,0,0,0,0,0,0,0,0,0,0,0,-7,0,-1,0,0,0,0,0,0,0,0,0,0,0,0,0,0,0,0,0,0,0,0,0]} 1. d4 d5 2. c4 e6 3. Nc3 Be7 4. Bf4 Nf6 5. e3 O-O 6. Nf3 c5 7. dxc5 Bxc5 8. cxd5 Nxd5 9. Nxd5 exd5 10. Bd3 Bb4+ {D37: Queen's Gambit Declined: 5 Bf4} 11. Nd2 Nc6 12. O-O Be7 13. a3 Bf6 (13... g6 14. Rc1 Bf6 15. b4 Qe7 16. Nf3 Rd8 17. h3 Ne5 18. Nxe5 Bxe5 {½-½ (39) Caruana,F (2822)-Anand,V (2768) Saint Louis 2018}) 14. Rb1 {[#]} ({Of course not} 14. Qh5 g6 $15) 14... Re8 $146 ({Predecessor:} 14... g6 15. h3 Ne5 16. Bxe5 Bxe5 {½-½ (16) Hammer,J (2631)-Agdestein,S (2581) Sarpsborg 2018}) 15. Nf3 Bg4 16. h3 Bh5 17. g4 Bg6 {The position is equal.} 18. Bxg6 hxg6 19. Qd3 g5 20. Bg3 d4 {And now ...dxe3 would win.} 21. e4 Qe7 22. Rfe1 {[#] aiming for e5.} Be5 23. Bxe5 Nxe5 24. Nxe5 Qxe5 25. Rbc1 Rac8 (25... b5 {looks sharper.} 26. Rc6 Rad8 27. Kg2 a5 28. Rb6 Rb8) 26. Rxc8 Rxc8 $11 {[%mdl 4096] Endgame KQR-KQR} 27. Rd1 Rd8 28. Kg2 g6 29. Rd2 a6 30. b4 Kg7 31. Rc2 Re8 32. Rc5 Qxe4+ 33. Qxe4 Rxe4 34. Rxg5 {KR-KR} Kf6 35. Rd5 Ke6 36. Rd8 Ke7 37. Rd5 Ke6 38. Rd8 Ke7 39. Rd5 Ke6 {Precision: White = 69%, Black = 61%.} 1/2-1/2

[Event "Fall Chess Classic-A 2018"]
[Site "Saint Louis"]
[Date "2018.10.13"]
[Round "4"]
[White "Bruzon Batista, Lazaro"]
[Black "Kuzubov, Yuriy"]
[Result "1-0"]
[WhiteElo "2653"]
[BlackElo "2655"]
[Annotator "TA"]
[PlyCount "114"]
[EventDate "2018.10.10"]
[EventType "tourn"]
[EventCountry "USA"]
[SourceTitle "playchess.com"]
[Source "ChessBase"]
[SourceQuality "1"]

{[%evp 26,114,0,0,0,0,0,0,5,-19,0,-8,0,-25,-7,-45,-44,-29,-28,-42,-35,-64,-51,-47,-39,-60,-40,-38,-42,-89,-36,-95,-82,-82,-84,-119,-104,-116,-113,-141,-131,-129,-131,-187,-189,-229,-221,-281,-190,-212,-224,-251,-247,-199,-178,-250,-155,-208,-158,-162,-155,-175,-175,-175,-175,-175,-175,-168,-175,-158,-175,-173,-163,-170,-144,-163,-135,-142,-153,-159,-143,-154,0,0,0,0,0,0,0,0,0]} 1. d4 Nf6 2. c4 e6 3. Nc3 Bb4 4. e3 O-O 5. Bd3 d5 6. Nf3 c5 7. O-O cxd4 8. exd4 dxc4 9. Bxc4 b6 10. Bg5 Bb7 11. Qe2 Bxc3 12. bxc3 Nbd7 {[%cal Bb8d7,Bd7f6,Bf6d5][%mdl 32]} 13. Rac1 Qc7 14. Nd2 {LiveBook: 12 Games. E54: Nimzo-Indian: Rubinstein: Main Line: 7...dxc4 8 Bxc4} Nd5 15. f3 Rac8 (15... e5 16. Rfe1 Rae8 17. Bxd5 Bxd5 18. c4 Bb7 19. d5 f5 20. Be3 Rc8 {½-½ (47) Tomashevsky,E (2728)-Hou,Y (2673) Wijk aan Zee 2016}) 16. Rfe1 N7f6 $146 ({Predecessor:} 16... Rfe8 17. Bh4 N7f6 18. Qd3 Qd7 19. Bb5 Bc6 20. Ba6 Ra8 {1-0 (42) Sanzhaev,D (2371)-Fakhrutdinov,T (2298) Samara 2015}) 17. Qd3 Nf4 18. Qc2 N6d5 19. Qb2 Ng6 20. Bf1 h6 ({Wrong is} 20... Nxc3 $2 21. Nb1 $18) 21. c4 Ndf4 22. Bxf4 $1 Qxf4 23. c5 Bd5 24. Ne4 Bxe4 25. Rxe4 Qf6 26. Qa3 Rc7 27. Rb1 Ne7 ({Better is} 27... Rfc8 $17) 28. Rc1 (28. cxb6 $15 axb6 29. Rxb6) 28... Rd8 29. Rc4 Nd5 30. Qb3 bxc5 31. dxc5 Rdc8 32. Re1 Rxc5 33. Rxc5 Qd4+ 34. Kh1 (34. Qe3 $17 {is a better defense.} Nxe3 35. Rxc8+ Kh7 36. Kh1) 34... Qxc5 $19 35. h3 Qf2 36. Rb1 g6 37. Qb7 Rc7 38. Qa6 Kg7 39. Qd6 Rc2 40. a4 (40. Qe5+ $142 Nf6 41. a4) 40... Rd2 41. a5 (41. Qe5+ $17 Nf6 42. Qc3) 41... h5 42. Qe5+ Kh7 43. Qb8 {intending Qf8.} Nc3 $1 {[%cal Rc3d1]} 44. Qc7 Nxb1 45. Qxf7+ Kh6 46. Qf8+ Kg5 $1 (46... Kh7 47. Qf7+ Kh6 48. Qf8+ Kg5 49. Qe7+ Kf5 50. Qf8+ Kg5 51. Qe7+ Kf5 52. Qf8+ Kg5) 47. Qe7+ Kf5 48. Qf7+ Ke5 $1 49. Qc7+ Kf6 50. Qf4+ Ke7 51. Qg5+ {[#]} Kd6 $1 (51... Kf7 $2 52. Qf4+ Ke7 53. Qb4+ Rd6 54. Qxb1 $19) 52. Qd8+ Kc5 53. Qe7+ {[#]} Kc6 $2 (53... Kd4 $1 $17 54. Qb4+ Kd5 55. Qxb1 Rc2) 54. Qxe6+ $11 {The position is equal.} Rd6 55. Qe4+ Kc7 56. Qe7+ Rd7 57. Qe5+ Kd8 {[%mdl 32768] Precision: White = 45%, Black = 61%. . Sensor Board Error (Ke4/e5)?} 1-0

[Event "Fall Chess Classic-A 2018"]
[Site "Saint Louis"]
[Date "2018.10.13"]
[Round "4"]
[White "Dreev, Aleksey"]
[Black "Swiercz, Dariusz"]
[Result "1/2-1/2"]
[WhiteElo "2649"]
[BlackElo "2656"]
[Annotator "TA"]
[PlyCount "80"]
[EventDate "2018.10.10"]
[EventType "tourn"]
[EventCountry "USA"]
[SourceTitle "playchess.com"]
[Source "ChessBase"]
[SourceQuality "1"]

{[%evp 15,80,0,22,0,0,0,0,-5,0,0,0,0,0,0,0,-18,-18,-13,-15,-14,-17,-56,-25,-25,-29,-27,-25,-37,-26,-29,-27,-29,-29,-23,-13,-17,0,0,0,0,0,0,0,0,0,0,0,-7,0,0,0,0,0,0,0,8,0,0,0,0,13,0,0,0,8,8,8]} 1. d4 Nf6 2. Nf3 g6 3. g3 Bg7 4. Bg2 O-O 5. O-O d5 6. c4 c6 7. Qb3 Qb6 8. Nc3 Bf5 9. Re1 {D78: Fianchetto Grünfeld: 6 0-0 c6} e6 $146 ({Predecessor:} 9... Na6 10. Qxb6 axb6 11. cxd5 cxd5 12. Bg5 Nb4 13. Red1 Rfd8 14. Ne1 h6 15. Bf4 Rd7 16. b3 Ne4 {1-0 (60) Mamedyarov,S (2757)-Stefanova,A (2517) Doha 2014}) 10. c5 Qxb3 11. axb3 Nbd7 12. b4 a6 13. Bf4 Rfe8 14. h3 h5 15. Ne5 Nxe5 16. Bxe5 g5 17. f3 g4 18. Nd1 gxf3 19. exf3 Nd7 20. Bxg7 Kxg7 21. Ne3 Bh7 22. f4 Nf6 23. Ra3 Rg8 24. Nf1 Be4 25. Nd2 {[%cal Rg2e4] The position is equal.} Bxg2 (25... Bf5 {keeps more tension.} 26. Kh2 Rad8 27. Rd1 Kh6 28. Rc3 Rde8) 26. Kxg2 Rab8 27. Re5 Kh6 28. f5 Nd7 29. Re2 exf5 30. Rf2 Rbe8 31. Rxf5 Re2+ 32. Rf2 Rxf2+ 33. Kxf2 $11 {[%mdl 4096] Endgame KRN-KRN} Nf6 34. Re3 Kg7 35. Re7 Rb8 36. Kf3 Kf8 37. Re1 b6 38. b3 bxc5 39. bxc5 Ne4 40. Nxe4 dxe4+ {Precision: White = 61%, Black = 71%.} 1/2-1/2

[Event "Fall Chess Classic-A 2018"]
[Site "Saint Louis"]
[Date "2018.10.14"]
[Round "5"]
[White "Robson, Ray"]
[Black "Sethuraman, S.P."]
[Result "1-0"]
[WhiteElo "2682"]
[BlackElo "2673"]
[Annotator "TA"]
[PlyCount "63"]
[EventDate "2018.10.10"]
[EventType "tourn"]
[EventCountry "USA"]
[SourceTitle "playchess.com"]
[Source "ChessBase"]
[SourceQuality "1"]

{[%evp 21,63,0,6,-41,-21,-54,-32,-39,-14,-18,-15,0,0,-7,-1,0,27,28,22,0,0,-7,23,12,29,29,29,54,35,0,0,0,365,400,271,7,3,0,149,34,29985,29986,29986,1396]} 1. c4 e5 2. Nc3 Nf6 3. Nf3 Nc6 4. e3 Bb4 5. Qc2 Bxc3 6. bxc3 O-O 7. e4 {A28: English Opening: Four Knights Variation} d6 8. g3 Nd7 (8... Ne8 9. Nh4 Ne7 10. d3 f5 11. exf5 Nxf5 12. Nxf5 Bxf5 13. Bg2 c6 14. h3 {1-0 (56) Carlsen,M (2843)-Topalov,V (2749) Shamkir 2018}) 9. Nh4 Nc5 10. Bg2 a6 11. O-O b5 {LiveBook: 3 Games} 12. cxb5 axb5 13. Rd1 Ra4 14. d3 $146 {[%cal Bd2d3,Bd3d4][%mdl 32]} ({Predecessor:} 14. Nf5 Bxf5 15. exf5 {0-1 (28) Noroozi,O (2356)-Mosadeghpour,M (2535) Bushehr 2018}) 14... Be6 15. Be3 $1 {d4 is the strong threat.} Qa8 $1 {White must now prevent ...Bb3!} 16. d4 Nb3 17. axb3 Rxa1 18. d5 Bd7 {And now ...Ne7 would win.} 19. dxc6 Bxc6 20. f3 g6 21. Bf1 $36 {[%mdl 2048] White has some pressure.} d5 22. exd5 Bxd5 23. Bc5 Rb8 24. Rxa1 Qxa1 25. Nf5 Bxf3 26. Qd2 {Threatens to win with Nh6+.} Qa6 $2 {[%mdl 8192]} (26... b4 $11) 27. Qh6 $1 $18 {[%csl Gf5][%cal Rh6g7]} Qf6 28. Bd3 $2 ({White has to play} 28. Bh3 $1 $18 Be4 29. Ne7+ Kh8 30. Nc8 Rxc8 31. Bxc8) 28... Re8 $1 $11 29. Bxb5 Rd8 {[#]} (29... Ra8 $11 30. Bd3 Bg4) 30. Bd3 ({Better is} 30. Be7 $1 $16 {[%cal Re7f6]} Qxf5 31. Bxd8) 30... e4 $2 {[%mdl 8192]} (30... Bg4 $14 31. Ne7+ Kh8) 31. Ne7+ Kh8 {[#]} 32. Bd4 {Precision: White = 35%, Black = 44%.} (32. Nd5 $142 $1 {[%mdl 512]} Qg7 (32... Rxd5 33. Qf8#) 33. Bd4 Rg8 34. Bxg7+ Rxg7 35. Nxc7 exd3 36. Ne8 Rg8 37. Nf6) 1-0